Fees and filing (Record no. 67000)

MARC details
000 -LEADER
fixed length control field 00956cam a2200229 4500
001 - CONTROL NUMBER
control field ABS63960
008 - FIXED-LENGTH DATA ELEMENTS--GENERAL INFORMATION
fixed length control field 000000n2001 000 0 eng u
035 ## - SYSTEM CONTROL NUMBER
System control number (Sirsi) u112569
110 ## - MAIN ENTRY--CORPORATE NAME
Corporate name or jurisdiction name as entry element Companies House
9 (RLIN) 3268
245 ## - TITLE STATEMENT
Title Fees and filing
260 ## - PUBLICATION, DISTRIBUTION, ETC.
Date of publication, distribution, etc. 2001
490 ## - SERIES STATEMENT
Series statement Accountancy
Volume/sequential designation 127(1293) May 2001, 129(1)
520 ## - SUMMARY, ETC.
Summary, etc. Companies House provides practical advice on how to set up limited liability partnerships (LLPs). Includes information on LLP guidance booklets, forms, fees, searches, and conversion from a limited company. Further information can be obtained from http://www.companieshouse.gov.uk or http://www.dti.gov.uk/cld/contract.htm.
590 ## - LOCAL NOTE (RLIN)
Local note ABS
650 ## - SUBJECT ADDED ENTRY--TOPICAL TERM
Topical term or geographic name entry element LIMITED LIABILITY PARTNERSHIPS ACT 2000
650 ## - SUBJECT ADDED ENTRY--TOPICAL TERM
Topical term or geographic name entry element COMPANIES HOUSE
650 ## - SUBJECT ADDED ENTRY--TOPICAL TERM
Topical term or geographic name entry element LIMITED LIABILITY PARTNERSHIPS
650 ## - SUBJECT ADDED ENTRY--TOPICAL TERM
Topical term or geographic name entry element FEES
650 ## - SUBJECT ADDED ENTRY--TOPICAL TERM
Topical term or geographic name entry element GUIDANCE
690 ## - LOCAL SUBJECT ADDED ENTRY--TOPICAL TERM (OCLC, RLIN)
Topical term or geographic name as entry element PROPERTY-COMMERCIAL PROPERTY-COMMERCIAL PROPERTY FINANCE AND INVESTMENT
942 ## - ADDED ENTRY ELEMENTS (KOHA)
Suppress in OPAC 0
Holdings
Withdrawn status Lost status Source of classification or shelving scheme Damaged status Not for loan Home library Current library Shelving location Date acquired Total Checkouts Full call number Barcode Date last seen Copy number Price effective from Koha item type
    Dewey Decimal Classification     London London Journal article 15/05/2001   ABS63960 112569-1001 06/08/2019 1 06/08/2019 Journal article